006460000a22001810004500003001100000008004100011040003900052041000800091082001300099100001900112245006500131260005700196300001000253650009100263942000700354952008800361999001500449LK-CoMWRAF230817t ||||| |||| 00| 0 eng d aLK-CoMWRAFdLK-CoMWRAFeLK-CoMWRAF aeng a910bHAS aHassan, S.M.A. aAllama Iqbal (An Introduction of Allama Iqbal)bOrr Arimugam bOrabi Pasha Cultural CentreaSri Lanka (Kandy)c1998 ap.108 aAn Account of Life and Literary works of Poet - Philosopher - Allam Sir Muhammad Iqbal cBK 00104070aMAINbMAINd2023-08-17l0o910 HASp0003269r2023-08-17w2023-08-17yBK c2057d2057